LEADER 00511nab a2200145 i 4500 001 000000314203 003 CaOOAMICUS 005 20180831173126.0 008 180831n xx uu u0 0und r 013 $a23290 040 $aSeMil$bita 100 1 $aMarcora, Carlo,$c.$0(OLS)http://semarc/name/7153 245 10$aNote storiche e illustrative sul Breviario Ambrosiano. 773 0 $t[Gennaio-Dicembre].$g426-429$w()274262 996 $6245$aNote storiche e illustrative sul Breviario Ambrosiano$9(OLS)http://semarc/title/388401 LEADER 01032nam a2200205 i 4500 001 000000015692 003 CaOOAMICUS 005 20180830125442.0 008 180830s1828 it u000 u ita u 040 $aSeMil$bita 245 10$aDizionario tecnico-etimologico-filologico compilato dall'Ab. Marco Aurelio Marchi professore di lingua e filologia greca, di letteratura classica latina ec. 260 $aMilano :$bTipografia di Giacomo Pirola,$c1828. 300 $a3 v. ;$cfol. 650 4$aEnciclopedie e dizionari - Opere anteriori al 1900.$0(OLS)http://semarc/subject/838 700 1 $aMarchi, Marco Aurelio.$0(OLS)http://semarc/name/7269 774 0 $tTomo 1.$g1$w()90039 774 0 $tTomo 3.$g3$w()248836 774 0 $tTomo 2.$g2$w()248837 996 $6245$aDizionario tecnico-etimologico-filologico compilato dall'Ab. Marco Aurelio Marchi professore di lingua e filologia greca, di letteratura classica latina ec$9(OLS)http://semarc/title/20797 996 $6260$aMilano :$bTipografia di Giacomo Pirola$9(OLS)http://semarc/publisher/34218